<?xml version="1.0" encoding="UTF-8"?>
<record
    xmlns:xsi="http://www.w3.org/2001/XMLSchema-instance"
    xsi:schemaLocation="http://www.loc.gov/MARC21/slim http://www.loc.gov/standards/marcxml/schema/MARC21slim.xsd"
    xmlns="http://www.loc.gov/MARC21/slim">

  <leader>02144nam a22002657a 4500</leader>
  <controlfield tag="008">171104s2017        xxu||||| |||| 00| 0 eng d</controlfield>
  <datafield tag="020" ind1=" " ind2=" ">
    <subfield code="a">9783037645086</subfield>
  </datafield>
  <datafield tag="082" ind1="0" ind2="4">
    <subfield code="a">709.2</subfield>
    <subfield code="b">E829w</subfield>
  </datafield>
  <datafield tag="100" ind1="1" ind2=" ">
    <subfield code="a">Est&#xE9;vez, Ruth.</subfield>
    <subfield code="9">6080</subfield>
  </datafield>
  <datafield tag="245" ind1="1" ind2="4">
    <subfield code="a">The words of others: Le&#xF3;n Ferrari and rhetoric in times of war</subfield>
    <subfield code="b"> </subfield>
    <subfield code="c">Ruth Est&#xE9;vez, Agust&#xED;n D&#xED;ez Fischer y Miguel A. L&#xF3;pez ; REDCAT CalArts' Downtown Center for Contemporary Arts.</subfield>
  </datafield>
  <datafield tag="250" ind1=" " ind2=" ">
    <subfield code="a">1a edici&#xF3;n.</subfield>
  </datafield>
  <datafield tag="260" ind1=" " ind2=" ">
    <subfield code="a">Los &#xC1;ngeles, Estados Unidos :</subfield>
    <subfield code="b">REDCAT ; JRP,</subfield>
    <subfield code="c">2017.</subfield>
  </datafield>
  <datafield tag="300" ind1=" " ind2=" ">
    <subfield code="a">288 p&#xE1;ginas :</subfield>
    <subfield code="b">ilustraciones en color.</subfield>
  </datafield>
  <datafield tag="500" ind1=" " ind2=" ">
    <subfield code="a">Cat&#xE1;logo publicado con motivo a la exposici&#xF3;n itinerante "The Words of Others: Le&#xF3;n Ferrari and Rhetoric in Times of War", presentada: -REDCAT, del 16 de setiembre al 17 de diciembre de 2017 -P&#xE9;rez Art Museum Miami, del 16 de febrero al 12 de agosto de 2018.</subfield>
  </datafield>
  <datafield tag="505" ind1="0" ind2=" ">
    <subfield code="t">Palabras ajenas: Le&#xF3;n Ferrrari and rhetoric in times of war / Palabras ajenas: Le&#xF3;n Ferrari y la ret&#xF3;rica en tiempos de guerra</subfield>
    <subfield code="r">Ruth Est&#xE9;vez.</subfield>
    <subfield code="t">Story of a transgression / Historia de una transgresi&#xF3;n</subfield>
    <subfield code="r">Andrea Giunta.</subfield>
    <subfield code="t">A theater of the present / Un teatro del presente</subfield>
    <subfield code="r">Jos&#xE9; A. S&#xE1;nchez.</subfield>
    <subfield code="t">Appropriation and blasphemy: the religious mysticism of Le&#xF3;n Ferrari / Apropiaci&#xF3;n y blasfemia: a m&#xED;stica religiosa de Le&#xF3;n Ferrari</subfield>
    <subfield code="r">Miguel A. L&#xF3;pez.</subfield>
    <subfield code="t">Rewriting the war: palabras ajenas and photojournalism / Reescribir la guerra: palabras ajenas y el fotoperiodismo </subfield>
    <subfield code="r">Cora Gamarnik.</subfield>
    <subfield code="t">Le&#xF3;n Ferrari and Paul VI: a battle of words / Le&#xF3;n Ferrari y Paulo ViI: una batlla de palabras</subfield>
    <subfield code="r">Agust&#xED;n D&#xED;ez Fischer.</subfield>
    <subfield code="t">BBC, radio, Vietnam: an interview with Leopoldo Maler / BBC, radio, VIetnam: una entrevista con Leopoldo Maler</subfield>
    <subfield code="r">Ruth Est&#xE9;vez  y Miguel A. L&#xF3;pez.</subfield>
    <subfield code="t">Operation: "Pacen in Terris" / Operativo: "Pacem in Terris"</subfield>
    <subfield code="r">Pedro Asquini.</subfield>
  </datafield>
  <datafield tag="653" ind1="1" ind2="0">
    <subfield code="a">Arte contempor&#xE1;neo</subfield>
  </datafield>
  <datafield tag="653" ind1="1" ind2="0">
    <subfield code="a">Cat&#xE1;logo de exhibici&#xF3;n </subfield>
  </datafield>
  <datafield tag="653" ind1="1" ind2="0">
    <subfield code="a">Exhibiciones itinerantes</subfield>
  </datafield>
  <datafield tag="653" ind1="1" ind2="0">
    <subfield code="a">Arte - Argentina</subfield>
  </datafield>
  <datafield tag="653" ind1="1" ind2="0">
    <subfield code="a">Artes pl&#xE1;sticas</subfield>
  </datafield>
  <datafield tag="653" ind1="1" ind2="0">
    <subfield code="a">Artista pl&#xE1;sticos </subfield>
  </datafield>
  <datafield tag="653" ind1="1" ind2="0">
    <subfield code="a">Biograf&#xED;as art&#xED;sticas</subfield>
  </datafield>
  <datafield tag="653" ind1="1" ind2="0">
    <subfield code="a">Ensayos</subfield>
  </datafield>
  <datafield tag="710" ind1="1" ind2=" ">
    <subfield code="a">REDCAT CalArts' Downtown Center for Contemporary Arts.</subfield>
    <subfield code="9">6081</subfield>
  </datafield>
  <datafield tag="999" ind1=" " ind2=" ">
    <subfield code="c">1346</subfield>
    <subfield code="d">1346</subfield>
  </datafield>
  <datafield tag="952" ind1=" " ind2=" ">
    <subfield code="0">0</subfield>
    <subfield code="1">0</subfield>
    <subfield code="2">ddc</subfield>
    <subfield code="4">0</subfield>
    <subfield code="7">0</subfield>
    <subfield code="a">LV</subfield>
    <subfield code="b">LV</subfield>
    <subfield code="c">Monograf&#xED;as</subfield>
    <subfield code="d">2017-11-04</subfield>
    <subfield code="l">0</subfield>
    <subfield code="o">709.2 E829w</subfield>
    <subfield code="p">004474</subfield>
    <subfield code="r">2017-11-04 00:00:00</subfield>
    <subfield code="w">2017-11-04</subfield>
    <subfield code="y">01</subfield>
  </datafield>
</record>
